WWF Survivor Series 1989 Teams (WWE) - Statistics

General Stats
  • This quiz has been taken 78 times
  • The average score is 32 of 40
Answer Stats
Hint Answer % Correct
Captain Hulk Hogan
98%
Captain 'The Million Dollar Man' Ted Dibiase
98%
Captain The Ultimate Warrior
98%
Captain Ravishing Rick Rude
96%
Captain Rowdy Roddy Piper
96%
Jim 'The Anvil' Neidhart
94%
Haku
93%
Captain 'Macho King' Randy Savage
93%
Andre The Giant
91%
Ax
91%
Shawn Michaels
91%
Smash
91%
Jake 'The Snake' Roberts
89%
Captain Big Boss Man
87%
Bret 'The Hitman' Hart
87%
Captain Hacksaw Jim Duggan
87%
'The Model' Rick Martel
87%
Tito Santana
87%
The Barbarian
85%
Canadian Earthquake
81%
Dino Bravo
81%
Mr. Perfect
81%
Captain Bobby 'The Brain' Heenan
80%
Hercules
80%
Captain Dusty Rhodes
78%
Marty Jannetty
78%
Superfly Jimmy Snuka
78%
The Honky Tonk Man
78%
The Warlord
78%
Brutus 'The Barber' Beefcake
76%
Butch
76%
Luke
76%
Arn Anderson
74%
Greg 'The Hammer Valentine
74%
Rugged Ronnie Garvin
67%
Zeus
63%
Bad News Brown
61%
The Red Rooster
56%
Jacques Rougeau
46%
Raymond Rougeau
44%
No matching quizzes found
Score Distribution
Percent of People with Each Score
Percentile by Number Answered
Your Score History
You have not taken this quiz